| 000 | 00527nam a2200217 454500 | ||
|---|---|---|---|
| 001 | 077683 | ||
| 003 | BD-ChCU | ||
| 008 | Eng | ||
| 020 | _a0195609638 | ||
| 040 |
_aDLC _cDLC _dBD-ChCU |
||
| 082 | 0 | 0 | _a615.19/B475t |
| 100 | 1 |
_aBentley, A.O. _bDriver, J.E |
|
| 245 | 1 | 0 |
_aTextbook of Pharmaceutical Chemistry _bx |
| 250 | _a8th | ||
| 260 |
_aNew Delhi _bOxford University press _c2003 |
||
| 300 | _aix, 916 | ||
| 504 | _a | ||
| 650 | 0 |
_aChemistry, Pharmaceutical _bChemistry |
|
| 700 | 1 | _ax | |
| 942 |
_2ddc _cBK |
||
| 999 |
_c77683 _d77683 |
||